Guess the Real Madrid player - Statistics

General Stats
  • This quiz has been taken 2,801 times
  • The average score is 8 of 10
Answer Stats
Hint Answer % Correct
Croatian midfielder brought from Tottenham Luka Modric
100%
Costa Rica goalkeeper brought from Levante Keylor Navas
89%
German midfielder brought from Bayern Munich Toni Kroos
88%
Spanish goalkeeper sold to Porto Iker Casillas
84%
German midfielder sold to Arsenal Mesut Ozil
81%
Argentinian striker sold to Napoli Higuain
74%
Argentinian midfielder sold to Manchester United Angel Di Maria
73%
Spanish midfielder sold to Bayern Munich Xabi Alonso
71%
English striker brought from Liverpool Owen
59%
Brazilian forward sold to Manchester City Robinho
49%
No matching quizzes found
Score Distribution
Percent of People with Each Score
Percentile by Number Answered
Your Score History
You have not taken this quiz